[Event "2MCRV_F"]
[Site "?"]
[Date "2002.??.??"]
[Round "?"]
[White "Sykora, Josef"]
[Black "Kuchta, Jiri"]
[Result "1-0"]
[WhiteElo "2370"]
[BlackElo "2270"]
[PlyCount "107"]
[EventDate "2002.??.??"]
[EventType "corr"]
[SourceDate "2004.06.03"]

1. c4 e5 2. Nc3 Nf6 3. Nf3 Nc6 4. g3 Bb4 5. Bg2 O-O 6. O-O e4 7. Ng5 Bxc3 8.
bxc3 Re8 9. f3 e3 10. d3 d5 11. Qb3 Na5 12. Qa3 c6 13. cxd5 cxd5 14. f4 Bg4 15.
Re1 h6 16. Nf3 Bxf3 17. Bxf3 Rc8 18. Bb2 b6 19. Qa4 Qd6 20. Rac1 Red8 21. Rf1
Rc7 22. c4 dxc4 23. dxc4 Qd7 24. Qxd7 Nxd7 25. Rfd1 Re8 26. Bd5 Nc5 27. Kg2 Nc6
28. Kf3 Ne7 29. g4 Rd7 30. Rd4 Kf8 31. h3 Rd6 32. Rcd1 h5 33. Be4 Rf6 34. g5
Re6 35. Bb1 g6 36. Rd6 Nc6 37. Rxe6 Rxe6 38. Bc3 Re8 39. Bc2 Ne7 40. Bb4 Nc6
41. Bxc5+ bxc5 42. Ba4 Re6 43. Bxc6 Rxc6 44. Rd5 Ra6 45. Rxc5 Rxa2 46. Rc7 a5
47. h4 Ra3 48. Ke4 Rb3 49. Ra7 Rb4 50. Kd3 a4 51. c5 Ke8 52. c6 Kd8 53. Kxe3
Kc8 54. Rxf7 1-0

[Event "2MCRV_F"]
[Site "?"]
[Date "2002.??.??"]
[Round "?"]
[White "Klima, Milos"]
[Black "Nosek, Jaroslav"]
[Result "0-1"]
[WhiteElo "2320"]
[BlackElo "2275"]
[PlyCount "102"]
[EventDate "2002.??.??"]
[EventType "corr"]
[SourceDate "2004.06.03"]

1. e4 e6 2. d3 d5 3. Nd2 Bd6 4. Ngf3 c5 5. d4 cxd4 6. Nxd4 Nc6 7. Nb5 Bb8 8.
exd5 exd5 9. Nf3 Nf6 10. Bg5 O-O 11. Be2 Re8 12. O-O a6 13. Nbd4 Nxd4 14. Nxd4
Qd6 15. g3 Ba7 16. Re1 Ne4 17. Be3 Nxg3 18. hxg3 Rxe3 19. Kg2 Re4 20. c3 Bxd4
21. cxd4 Qf6 22. Bf3 Rxe1 23. Qxe1 Bh3+ 24. Kxh3 Qxf3 25. Rc1 h5 26. Rc7 Kh7
27. Kh2 h4 28. Qe3 hxg3+ 29. Kh3 Qxf2 30. Qxf2 gxf2 31. Rxf7 Re8 32. Kg2 b5 33.
Kxf2 Re4 34. Ra7 Rxd4 35. Rxa6 Rd2+ 36. Ke3 Rxb2 37. Kd4 g5 38. Kxd5 Re2 39.
Kc5 g4 40. Ra3 Re5+ 41. Kd4 Rg5 42. Rg3 Kg6 43. Ke4 Kh5 44. Kf4 Rc5 45. Rg1 Rc3
46. Rh1+ Rh3 47. Rb1 Rf3+ 48. Ke4 Kh4 49. Rxb5 Ra3 50. Rb8 Kh3 51. Kf4 g3 0-1

[Event "2MCRV_F"]
[Site "?"]
[Date "2002.??.??"]
[Round "?"]
[White "Kostal, Jindrich"]
[Black "Vondracek, Emil"]
[Result "1-0"]
[WhiteElo "2305"]
[BlackElo "2285"]
[PlyCount "93"]
[EventDate "2002.??.??"]
[EventType "corr"]
[SourceDate "2004.06.03"]

1. e4 e5 2. Nf3 Nf6 3. Nxe5 d6 4. Nf3 Nxe4 5. d4 d5 6. Bd3 Be7 7. O-O Nc6 8.
Re1 Bg4 9. c3 f5 10. Qb3 O-O 11. Nbd2 Na5 12. Qa4 Nc6 13. Bb5 Nxd2 14. Nxd2 Qd6
15. h3 Bh5 16. Nb3 Nd8 17. Bf4 Qxf4 18. Rxe7 c6 19. Bf1 a5 20. Nc5 Re8 21.
Rxe8+ Bxe8 22. Re1 Bg6 23. Qc2 Qc7 24. Bd3 Qf7 25. Qe2 b6 26. Na4 b5 27. Nc5 a4
28. Qe5 Rc8 29. h4 Qc7 30. g4 Nb7 31. Qxc7 Rxc7 32. Na6 Rc8 33. h5 Bf7 34. Bxf5
Re8 35. Re5 Na5 36. Bd7 Rxe5 37. dxe5 Kf8 38. f4 Be8 39. Bxe8 Kxe8 40. Nb4 Kd7
41. Kf2 Nc4 42. Nd3 Ke7 43. Ke2 Nb6 44. f5 h6 45. Ke3 Nc4+ 46. Kd4 Nd2 47. Kc5
1-0

[Event "2MCRV_F"]
[Site "?"]
[Date "2002.??.??"]
[Round "?"]
[White "Skalicky, Frantisek"]
[Black "Bures, Jilji"]
[Result "1/2-1/2"]
[WhiteElo "2305"]
[BlackElo "2285"]
[PlyCount "82"]
[EventDate "2002.??.??"]
[EventType "corr"]
[SourceDate "2004.06.03"]

1. e4 c5 2. Nf3 Nc6 3. d4 cxd4 4. Nxd4 Nf6 5. Nc3 e5 6. Ndb5 d6 7. Bg5 a6 8.
Na3 b5 9. Nd5 Be7 10. Bxf6 Bxf6 11. c3 O-O 12. Nc2 Bg5 13. a4 bxa4 14. Rxa4 a5
15. Bc4 Kh8 16. O-O f5 17. exf5 Bxf5 18. Nce3 Bd7 19. b3 Rb8 20. Ra1 Be6 21.
Qe2 Qd7 22. Ra2 Qf7 23. Qd3 Qd7 24. Rd1 Qf7 25. Qe4 Qh5 26. Rda1 Qf7 27. Rd2
Ne7 28. Nxe7 Qxe7 29. Nd5 Qa7 30. Rda2 Qc5 31. Kh1 a4 32. Rxa4 Qxf2 33. R4a2
Qf7 34. h3 Bf5 35. Qf3 Qg6 36. Rf1 h5 37. Raf2 Be4 38. Qe2 Rxf2 39. Rxf2 h4 40.
Rf1 Kh7 41. Re1 Bf5 1/2-1/2

[Event "2MCRV_F"]
[Site "?"]
[Date "2002.??.??"]
[Round "?"]
[White "Bucek, Jiri"]
[Black "Kuta, Jiri"]
[Result "1/2-1/2"]
[WhiteElo "2300"]
[BlackElo "2295"]
[PlyCount "35"]
[EventDate "2002.??.??"]
[EventType "corr"]
[SourceDate "2004.06.03"]

1. e4 c5 2. Nf3 Nc6 3. d4 cxd4 4. Nxd4 Nf6 5. Nc3 e5 6. Ndb5 d6 7. Nd5 Nxd5 8.
exd5 Nb8 9. c4 a6 10. Nc3 Be7 11. Be2 O-O 12. O-O f5 13. Kh1 Nd7 14. f3 b6 15.
Be3 a5 16. a3 Ba6 17. b3 Rc8 18. Rc1 1/2-1/2

[Event "2MCRV_F"]
[Site "?"]
[Date "2002.??.??"]
[Round "?"]
[White "Bures, Jilji"]
[Black "Bucek, Jiri"]
[Result "1/2-1/2"]
[WhiteElo "2285"]
[BlackElo "2300"]
[PlyCount "41"]
[EventDate "2002.??.??"]
[EventType "corr"]
[SourceDate "2004.06.03"]

1. e4 e5 2. Nf3 Nc6 3. Bb5 a6 4. Ba4 Nf6 5. O-O Be7 6. Re1 b5 7. Bb3 d6 8. c3
O-O 9. h3 Bb7 10. d4 Nd7 11. Nbd2 exd4 12. cxd4 Bf6 13. Nf1 Re8 14. Ng3 Na5 15.
Bc2 g6 16. a4 c5 17. axb5 axb5 18. Bf4 Rc8 19. Bd3 Qb6 20. b4 Nc6 21. bxc5
1/2-1/2

[Event "2MCRV_F"]
[Site "?"]
[Date "2002.??.??"]
[Round "?"]
[White "Vondracek, Emil"]
[Black "Skalicky, Frantisek"]
[Result "0-1"]
[WhiteElo "2285"]
[BlackElo "2305"]
[PlyCount "38"]
[EventDate "2002.??.??"]
[EventType "corr"]
[SourceDate "2004.06.03"]

1. e4 e5 2. Nc3 Nc6 3. Nf3 Nf6 4. Bb5 Nd4 5. Ba4 Bc5 6. Nxe5 O-O 7. Nd3 Bb6 8.
e5 Ne8 9. Nd5 d6 10. Ne3 Qe7 11. exd6 Nxd6 12. O-O c6 13. c3 N4f5 14. Ne1 Nxe3
15. fxe3 Be6 16. Bc2 f5 17. Nf3 Rad8 18. Nd4 Bd7 19. Ne6 Bxe6 0-1

[Event "2MCRV_F"]
[Site "?"]
[Date "2002.??.??"]
[Round "?"]
[White "Nosek, Jaroslav"]
[Black "Kostal, Jindrich"]
[Result "0-1"]
[WhiteElo "2275"]
[BlackElo "2305"]
[PlyCount "70"]
[EventDate "2002.??.??"]
[EventType "corr"]
[SourceDate "2004.06.03"]

1. e4 e5 2. Nf3 Nc6 3. Bb5 a6 4. Ba4 Nf6 5. O-O Be7 6. Re1 b5 7. Bb3 d6 8. c3
O-O 9. h3 Nb8 10. d4 Nbd7 11. Nbd2 Bb7 12. Bc2 c5 13. Nf1 Re8 14. Ng3 Bf8 15.
d5 Nb6 16. a4 Qc7 17. Bg5 Nfd7 18. b3 c4 19. b4 bxa4 20. Bxa4 a5 21. Bb5 axb4
22. cxb4 Rxa1 23. Qxa1 Ra8 24. Qc3 g6 25. Be3 f5 26. Ng5 f4 27. Ne6 Qc8 28.
Bxb6 Nxb6 29. Nf1 Rb8 30. Nxf8 Kxf8 31. Nd2 Kg7 32. Ra1 Kf6 33. Nxc4 Nxc4 34.
Bxc4 Qc7 35. Be2 Qxc3 0-1

[Event "2MCRV_F"]
[Site "?"]
[Date "2002.??.??"]
[Round "?"]
[White "Kuchta, Jiri"]
[Black "Klima, Milos"]
[Result "1-0"]
[WhiteElo "2270"]
[BlackElo "2320"]
[PlyCount "79"]
[EventDate "2002.??.??"]
[EventType "corr"]
[SourceDate "2004.06.03"]

1. c4 e5 2. Nc3 Bb4 3. d4 exd4 4. Qxd4 Nf6 5. Qe5+ Qe7 6. Qxe7+ Kxe7 7. Bd2 c6
8. a3 Ba5 9. Rd1 Na6 10. b4 Bc7 11. Nf3 h6 12. h3 Re8 13. g4 Kf8 14. Bg2 Bb8
15. g5 hxg5 16. Bxg5 Ne4 17. Nxe4 Rxe4 18. Nd4 Re8 19. h4 Be5 20. h5 f6 21. h6
g6 22. Nf3 Bb2 23. Rb1 Bc3+ 24. Bd2 Bxd2+ 25. Nxd2 d6 26. Rd1 Bf5 27. b5 Nc5
28. bxc6 Rab8 29. cxb7 Bd3 30. Bf3 Kg8 31. Kf1 Bc2 32. Rc1 Bf5 33. Bc6 Re7 34.
Rc3 Rd8 35. Rf3 Bg4 36. Rxf6 Bxe2+ 37. Kg2 Bd3 38. Bd5+ Kh8 39. Nf3 Nxb7 40.
Ng5 1-0

[Event "2MCRV_F"]
[Site "?"]
[Date "2002.??.??"]
[Round "?"]
[White "Pytlik, Lesek"]
[Black "Sykora, Josef"]
[Result "1/2-1/2"]
[WhiteElo "2260"]
[BlackElo "2370"]
[PlyCount "80"]
[EventDate "2002.??.??"]
[EventType "corr"]
[SourceDate "2004.06.03"]

1. e4 c6 2. d4 d5 3. f3 g6 4. Nc3 Bg7 5. Be3 Qb6 6. Qd2 Qxb2 7. Rb1 Qa3 8. exd5
Nf6 9. dxc6 bxc6 10. Bc4 Ba6 11. Rb3 Qa5 12. Bxa6 Nxa6 13. Nge2 O-O 14. O-O
Rfd8 15. Rd1 Nc5 16. Rb2 Ne6 17. Rdb1 Ne8 18. Rb4 Nd6 19. Ra4 Qc7 20. Ne4 Nxe4
21. fxe4 Nc5 22. Qa5 Qxa5 23. Rxa5 Nxe4 24. Ra6 f5 25. Rxc6 Rdc8 26. Rxc8+ Rxc8
27. Rb2 e5 28. dxe5 Bxe5 29. Bd4 Bxd4+ 30. Nxd4 Rd8 31. Rb4 h5 32. h4 Rd6 33.
Rc4 Kf7 34. Rc7+ Kf6 35. Rc6 Rxc6 36. Nxc6 a6 37. a4 g5 38. hxg5+ Kxg5 39. Kh2
f4 40. Nb4 Nc5 1/2-1/2

[Event "2MCRV_F"]
[Site "?"]
[Date "2002.??.??"]
[Round "?"]
[White "Valak, Alois"]
[Black "Dotlacil, Ladislav"]
[Result "1-0"]
[WhiteElo "2260"]
[BlackElo "2410"]
[PlyCount "57"]
[EventDate "2002.??.??"]
[EventType "corr"]
[SourceDate "2004.06.03"]

1. e4 e6 2. d4 d5 3. Nc3 Bb4 4. e5 b6 5. Qg4 Bf8 6. Bb5+ c6 7. Ba4 Ne7 8. Bg5
a5 9. Bb3 Ba6 10. Nf3 Qc7 11. O-O-O h5 12. Qg3 Nf5 13. Qh3 b5 14. a4 b4 15. Nb1
c5 16. Bxd5 exd5 17. Qxf5 Bc8 18. e6 Bxe6 19. Rhe1 Be7 20. Rxe6 fxe6 21. Qxe6
Ra6 22. Qxd5 Qd6 23. Qe4 cxd4 24. Rxd4 Qe6 25. Bxe7 Kxe7 26. Qb7+ Kf6 27. Re4
Qd6 28. Ne5 Rf8 29. Re3 1-0

[Event "2MCRV_F"]
[Site "?"]
[Date "2002.??.??"]
[Round "?"]
[White "Pavlicek, Jan"]
[Black "Koukal, Vladimir"]
[Result "0-1"]
[WhiteElo "2250"]
[BlackElo "2225"]
[PlyCount "52"]
[EventDate "2002.??.??"]
[EventType "corr"]
[SourceDate "2004.06.03"]

1. e4 e5 2. Nf3 Nc6 3. Nc3 Nf6 4. Bb5 Bb4 5. O-O O-O 6. Bxc6 dxc6 7. d3 Bd6 8.
h3 Nd7 9. Be3 Nb6 10. Qe2 Qe7 11. Kh1 f6 12. Rg1 Be6 13. g4 Kh8 14. Nh4 g6 15.
Rg3 Nd7 16. Rag1 b5 17. b3 Bb4 18. Nd1 a5 19. Bh6 Rg8 20. Nf5 Qe8 21. c3 Bc5
22. Nde3 Bb6 23. g5 fxg5 24. Rxg5 a4 25. b4 Qf7 26. a3 c5 0-1

[Event "2MCRV_F"]
[Site "?"]
[Date "2002.??.??"]
[Round "?"]
[White "Koukal, Vladimir"]
[Black "Nevole, Milan"]
[Result "1/2-1/2"]
[WhiteElo "2225"]
[BlackElo "2240"]
[PlyCount "58"]
[EventDate "2002.??.??"]
[EventType "corr"]
[SourceDate "2004.06.03"]

1. e4 c5 2. Nf3 d6 3. d4 cxd4 4. Nxd4 Nf6 5. Nc3 a6 6. Be2 e5 7. Nb3 Be7 8. O-O
Be6 9. Qd3 Nc6 10. a3 d5 11. exd5 Nxd5 12. Nxd5 Qxd5 13. Be3 Rd8 14. Rad1 Qxd3
15. Rxd3 Rxd3 16. Bxd3 f5 17. f3 Kf7 18. Nc5 Bxc5 19. Bxc5 Rd8 20. Bb6 Rd7 21.
Kf2 Kf6 22. Ke1 h5 23. Rf2 g5 24. Rd2 Ne7 25. Bf2 h4 26. Bc5 Ng6 27. g3 hxg3
28. hxg3 Rh7 29. Kf1 Ne7 1/2-1/2

[Event "2MCRV_F"]
[Site "?"]
[Date "2002.??.??"]
[Round "?"]
[White "Dotlacil, Ladislav"]
[Black "Pavlicek, Jan"]
[Result "1-0"]
[WhiteElo "2410"]
[BlackElo "2250"]
[PlyCount "45"]
[EventDate "2002.??.??"]
[EventType "corr"]
[SourceDate "2004.06.03"]

1. d4 d5 2. Nf3 e6 3. e3 c6 4. c4 Nd7 5. Qc2 Bd6 6. Nc3 Ngf6 7. Bd2 Nf8 8. e4
dxe4 9. Nxe4 Nxe4 10. Qxe4 Ng6 11. Bd3 f5 12. Qe2 O-O 13. O-O Nf4 14. Bxf4 Bxf4
15. Rfe1 Rf6 16. Rad1 Bc7 17. a3 Bd7 18. Qe3 Rh6 19. g3 Qf6 20. Ne5 Rd8 21. f4
Be8 22. Be2 Qe7 23. Bf3 1-0

[Event "2MCRV_F"]
[Site "?"]
[Date "2002.??.??"]
[Round "?"]
[White "Sykora, Josef"]
[Black "Valak, Alois"]
[Result "1-0"]
[WhiteElo "2370"]
[BlackElo "2260"]
[PlyCount "110"]
[EventDate "2002.??.??"]
[EventType "corr"]
[SourceDate "2004.06.03"]

1. c4 e5 2. Nc3 Nc6 3. Nf3 Nf6 4. g3 Bc5 5. Bg2 d6 6. O-O O-O 7. d3 h6 8. a3 a5
9. b3 Bg4 10. h3 Be6 11. Bb2 Ba7 12. e3 Re8 13. Qc2 Bf5 14. Nd2 Qd7 15. Kh2 Bg6
16. Rac1 Rac8 17. Nde4 Nxe4 18. dxe4 Ra8 19. Rcd1 Bh5 20. Rd5 f6 21. Rc1 Bf7
22. Rd2 Nd8 23. Qd3 Ne6 24. b4 Red8 25. Rcd1 Bh5 26. f3 Be8 27. Qe2 Qe7 28. f4
c6 29. f5 Nc7 30. b5 Rac8 31. Rb1 Na8 32. Bc1 Nb6 33. bxc6 bxc6 34. c5 dxc5 35.
Rdb2 Nd7 36. Rb7 Bb8 37. Na4 Bc7 38. Bd2 Bf7 39. Nb2 Ba2 40. Ra1 Qf7 41. Rxc7
Rxc7 42. Bxa5 Rdc8 43. Bxc7 Rxc7 44. Bf1 Ra7 45. Qc2 Kh7 46. Bc4 Bxc4 47. Nxc4
Ra8 48. Rb1 Rb8 49. Rxb8 Nxb8 50. g4 Kg8 51. Kg3 Qc7 52. h4 Na6 53. g5 hxg5 54.
hxg5 fxg5 55. Qb2 Kf7 1-0

[Event "2MCRV_F"]
[Site "?"]
[Date "2002.??.??"]
[Round "?"]
[White "Klima, Milos"]
[Black "Pytlik, Lesek"]
[Result "0-1"]
[WhiteElo "2320"]
[BlackElo "2260"]
[PlyCount "96"]
[EventDate "2002.??.??"]
[EventType "corr"]
[SourceDate "2004.06.03"]

1. e4 d6 2. d4 Nf6 3. Bd3 g6 4. f4 Bg7 5. Nf3 c5 6. dxc5 Qa5+ 7. Nc3 Qxc5 8.
Qe2 O-O 9. Be3 Qa5 10. O-O Nc6 11. Kh1 Ng4 12. Bd2 Qh5 13. h3 a6 14. Nh2 Nf6
15. Qf2 Nb4 16. Be2 Qa5 17. a3 Nc6 18. Be3 Nd7 19. f5 Bxc3 20. bxc3 Nf6 21. Qh4
Qxc3 22. Bh6 Re8 23. Bg5 gxf5 24. exf5 Bxf5 25. Rxf5 Qxa1+ 26. Rf1 Qd4 27. Bg4
Ne5 28. Bxf6 exf6 29. Qxf6 Nc6 30. Qxf7+ Kh8 31. Qxb7 Ne5 32. Bf5 Ra7 33. Qb3
Rae7 34. c3 Qc5 35. Rf4 a5 36. c4 Nxc4 37. Nf3 Ne5 38. Qb2 Rc7 39. Kh2 Qc3 40.
Qxc3 Rxc3 41. Ng5 h6 42. Ne6 Rxa3 43. Rh4 Nf7 44. Rc4 Ng5 45. Nf4 Ra2 46. Kg3
Kg7 47. h4 Kf6 48. Kg4 Rg8 0-1

[Event "2MCRV_F"]
[Site "?"]
[Date "2002.??.??"]
[Round "?"]
[White "Kostal, Jindrich"]
[Black "Kuchta, Jiri"]
[Result "1-0"]
[WhiteElo "2305"]
[BlackElo "2270"]
[PlyCount "103"]
[EventDate "2002.??.??"]
[EventType "corr"]
[SourceDate "2004.06.03"]

1. e4 c5 2. Nf3 d6 3. d4 cxd4 4. Nxd4 Nf6 5. Nc3 a6 6. Bg5 Nbd7 7. Bc4 g6 8. f3
Qb6 9. Bb3 Bg7 10. Be3 Nc5 11. Qd2 O-O 12. Kf2 a5 13. Rab1 Bd7 14. Bc4 Qc7 15.
Qe2 Rfc8 16. Bb5 a4 17. Bxd7 Ncxd7 18. Ndb5 Qd8 19. Rhd1 a3 20. b3 Ng4+ 21.
fxg4 Bxc3 22. Nxc3 Rxc3 23. Bd4 Rc6 24. Kg1 b5 25. c3 Qa5 26. Rf1 Rf8 27. Rbc1
e5 28. Be3 Rxc3 29. Qd2 Rfc8 30. g5 Qb4 31. h3 Nf8 32. Qf2 R3c7 33. Kh2 Qxe4
34. Bb6 Qb7 35. Bxc7 Rxc7 36. Rxc7 Qxc7 37. Qe2 Qc6 38. Qf3 Qxf3 39. Rxf3 e4
40. Rf2 Ne6 41. Rd2 Nxg5 42. Rxd6 f5 43. h4 Nf7 44. Rd5 b4 45. Rb5 Kg7 46. Rxb4
Ne5 47. Ra4 Kf7 48. Rxa3 Ke6 49. Ra7 h5 50. a4 Kd6 51. Kg1 Kc5 52. Ra5+ 1-0

[Event "2MCRV_F"]
[Site "?"]
[Date "2002.??.??"]
[Round "?"]
[White "Skalicky, Frantisek"]
[Black "Nosek, Jaroslav"]
[Result "0-1"]
[WhiteElo "2305"]
[BlackElo "2275"]
[PlyCount "68"]
[EventDate "2002.??.??"]
[EventType "corr"]
[SourceDate "2004.06.03"]

1. e4 e6 2. d4 d6 3. Nf3 Nf6 4. Bd3 Be7 5. O-O O-O 6. e5 Nfd7 7. Qe2 Nc6 8. a3
dxe5 9. dxe5 Nc5 10. Rd1 Nxd3 11. Rxd3 Bd7 12. Nc3 Qe8 13. Bf4 a6 14. Qe4 h6
15. Rad1 Rd8 16. Qe3 Kh7 17. b4 b5 18. Ne4 Bc8 19. Rxd8 Nxd8 20. Qd3 Kh8 21.
Nd4 Rg8 22. Bg5 Bb7 23. Bxe7 Qxe7 24. Nc5 Bd5 25. Nxa6 c6 26. f4 f6 27. exf6
gxf6 28. g3 h5 29. a4 h4 30. axb5 cxb5 31. Nxb5 Qg7 32. Nbc7 hxg3 33. hxg3 Be4
34. Qe2 Qxg3+ 0-1

[Event "2MCRV_F"]
[Site "?"]
[Date "2002.??.??"]
[Round "?"]
[White "Bucek, Jiri"]
[Black "Vondracek, Emil"]
[Result "1/2-1/2"]
[WhiteElo "2300"]
[BlackElo "2285"]
[PlyCount "55"]
[EventDate "2002.??.??"]
[EventType "corr"]
[SourceDate "2004.06.03"]

1. e4 e5 2. Nf3 Nc6 3. d4 exd4 4. Nxd4 Nf6 5. Nxc6 bxc6 6. e5 Qe7 7. Qe2 Nd5 8.
c4 Ba6 9. g3 g6 10. b3 Bg7 11. Bb2 O-O 12. Bg2 Rfe8 13. O-O Bxe5 14. Qxe5 Qxe5
15. Bxe5 Rxe5 16. f4 Re3 17. cxd5 Bxf1 18. Kxf1 cxd5 19. Bxd5 Rae8 20. Nd2 Re2
21. Rd1 Rxh2 22. Bg2 d6 23. Kf2 Rh5 24. Rc1 Re7 25. a4 Kg7 26. g4 Rc5 27. Rxc5
dxc5 28. Ne4 1/2-1/2

[Event "2MCRV_F"]
[Site "?"]
[Date "2002.??.??"]
[Round "?"]
[White "Kuta, Jiri"]
[Black "Bures, Jilji"]
[Result "1/2-1/2"]
[WhiteElo "2295"]
[BlackElo "2285"]
[PlyCount "63"]
[EventDate "2002.??.??"]
[EventType "corr"]
[SourceDate "2004.06.03"]

1. d4 d5 2. c4 e6 3. Nc3 Nf6 4. cxd5 exd5 5. Bg5 c6 6. e3 Nbd7 7. Nf3 Be7 8.
Qc2 O-O 9. Bd3 Re8 10. O-O Nf8 11. h3 g6 12. Bh6 Nh5 13. Rab1 Ng7 14. b4 a6 15.
a4 Bf5 16. Bxg7 Bxd3 17. Qxd3 Kxg7 18. Rfc1 Bd6 19. b5 axb5 20. axb5 Ra3 21.
bxc6 bxc6 22. Qc2 Qa8 23. h4 Ne6 24. Rb2 Rb8 25. Rxb8 Qxb8 26. Nb1 Ra1 27. Nfd2
Qb7 28. Nc3 Rxc1+ 29. Qxc1 c5 30. Qa3 Be7 31. dxc5 Bxc5 32. Qa1 1/2-1/2

[Event "2MCRV_F"]
[Site "?"]
[Date "2002.??.??"]
[Round "?"]
[White "Vondracek, Emil"]
[Black "Kuta, Jiri"]
[Result "1-0"]
[WhiteElo "2285"]
[BlackElo "2295"]
[PlyCount "85"]
[EventDate "2002.??.??"]
[EventType "corr"]
[SourceDate "2004.06.03"]

1. Nf3 Nf6 2. d4 g6 3. c4 Bg7 4. g3 O-O 5. Bg2 d6 6. O-O Nbd7 7. Nc3 e5 8. e4
c6 9. h3 Qb6 10. c5 dxc5 11. dxe5 Ne8 12. Na4 Qb5 13. Bf4 Nc7 14. Qc2 Ne6 15.
Rfd1 Re8 16. b3 Qa6 17. Nb2 b5 18. Nd3 Qb6 19. Rac1 Nxf4 20. gxf4 Bh6 21. Nh2
c4 22. bxc4 Nc5 23. cxb5 Nxd3 24. Qxd3 cxb5 25. Qf3 Be6 26. Ng4 Bg7 27. a3 Bxg4
28. hxg4 Bf8 29. g5 Qa5 30. Rc3 Rac8 31. Rb3 Red8 32. Bh3 Rxd1+ 33. Qxd1 Rd8
34. Qe2 a6 35. Qe3 Rd1+ 36. Kg2 Qe1 37. Qxe1 Rxe1 38. Kf3 Rc1 39. Rd3 a5 40.
Rd8 Rc3+ 41. Kg2 Rc4 42. f3 Rc7 43. Bd7 1-0

[Event "2MCRV_F"]
[Site "?"]
[Date "2002.??.??"]
[Round "?"]
[White "Nosek, Jaroslav"]
[Black "Bucek, Jiri"]
[Result "1/2-1/2"]
[WhiteElo "2275"]
[BlackElo "2300"]
[PlyCount "36"]
[EventDate "2002.??.??"]
[EventType "corr"]
[SourceDate "2004.06.03"]

1. e4 e5 2. Nf3 Nc6 3. Bb5 a6 4. Ba4 Nf6 5. O-O Be7 6. Re1 b5 7. Bb3 d6 8. c3
O-O 9. h3 Bb7 10. d4 Nd7 11. Nbd2 exd4 12. cxd4 Bf6 13. Nf1 Re8 14. Ng3 Na5 15.
Bc2 g6 16. Nh2 c5 17. d5 Nc4 18. Rb1 Qa5 1/2-1/2

[Event "2MCRV_F"]
[Site "?"]
[Date "2002.??.??"]
[Round "?"]
[White "Kuchta, Jiri"]
[Black "Skalicky, Frantisek"]
[Result "1/2-1/2"]
[WhiteElo "2270"]
[BlackElo "2305"]
[PlyCount "57"]
[EventDate "2002.??.??"]
[EventType "corr"]
[SourceDate "2004.06.03"]

1. c4 Nf6 2. Nc3 e6 3. e4 c5 4. Nf3 Nc6 5. d4 cxd4 6. Nxd4 Bb4 7. Nxc6 bxc6 8.
Bd3 e5 9. O-O O-O 10. Bd2 Be7 11. Rb1 a5 12. Qf3 d6 13. b3 Be6 14. Be2 Bg4 15.
Qd3 Bxe2 16. Qxe2 Qd7 17. Rfd1 Qe6 18. Bg5 Rfd8 19. Bxf6 Qxf6 20. Rd3 Rab8 21.
Qg4 Qg5 22. Qxg5 Bxg5 23. Rbd1 Be7 24. h4 f6 25. g4 Kf7 26. f3 g6 27. f4 Rg8
28. fxe5 dxe5 29. Rd7 1/2-1/2

[Event "2MCRV_F"]
[Site "?"]
[Date "2002.??.??"]
[Round "?"]
[White "Pytlik, Lesek"]
[Black "Kostal, Jindrich"]
[Result "1/2-1/2"]
[WhiteElo "2260"]
[BlackElo "2305"]
[PlyCount "107"]
[EventDate "2002.??.??"]
[EventType "corr"]
[SourceDate "2004.06.03"]

1. e4 e5 2. Nf3 Nc6 3. d3 Nf6 4. g3 Bc5 5. Bg2 d6 6. Nc3 a6 7. h3 O-O 8. O-O
Be6 9. Kh2 Re8 10. Ng5 Bd7 11. f4 h6 12. Nf3 Qe7 13. Ne2 Rad8 14. c3 Ba7 15.
Bd2 d5 16. exd5 Nxd5 17. Qc2 Bf5 18. fxe5 Nxe5 19. Nxe5 Qxe5 20. Nf4 Nxf4 21.
Bxf4 Qe2 22. Qxe2 Rxe2 23. Rae1 Rxb2 24. Bc1 Rxg2+ 25. Kxg2 Bxd3 26. Rf4 g5 27.
Rb4 Bb5 28. h4 f6 29. Be3 Bxe3 30. Rxe3 Rd2+ 31. Kg1 Rxa2 32. Rbe4 Rd2 33. Re7
Bd7 34. Kf1 c5 35. Ke1 Rd6 36. Re2 Bc6 37. Rd2 Rxd2 38. Kxd2 a5 39. Kd3 gxh4
40. gxh4 a4 41. Kc4 Kf8 42. Rc7 a3 43. Kb3 f5 44. Rh7 f4 45. Rxh6 Kf7 46. Rh5
Kf6 47. Rh6+ Ke5 48. Rh8 f3 49. Rf8 Ke4 50. h5 Ke3 51. h6 Be4 52. Re8 f2 53. h7
f1=Q 54. h8=Q 1/2-1/2

[Event "2MCRV_F"]
[Site "?"]
[Date "2002.??.??"]
[Round "?"]
[White "Valak, Alois"]
[Black "Klima, Milos"]
[Result "1-0"]
[WhiteElo "2260"]
[BlackElo "2320"]
[PlyCount "59"]
[EventDate "2002.??.??"]
[EventType "corr"]
[SourceDate "2004.06.03"]

1. e4 c6 2. d4 d5 3. e5 Bf5 4. Nc3 Qb6 5. Nf3 e6 6. Be2 Nd7 7. O-O Ne7 8. b3 f6
9. exf6 gxf6 10. Na4 Qc7 11. Nh4 O-O-O 12. Nxf5 Nxf5 13. Bg4 Bd6 14. f4 Ng7 15.
c4 h5 16. Bh3 dxc4 17. bxc4 c5 18. d5 e5 19. Nc3 a6 20. Ne4 Kb8 21. Rb1 Ka8 22.
Nxd6 Qxd6 23. Qb3 Qc7 24. fxe5 Nxe5 25. Rxf6 Ng4 26. Bf4 Qe7 27. Rb6 Rd7 28.
Qa3 Nf5 29. Re6 Qh7 30. Rxb7 1-0

[Event "2MCRV_F"]
[Site "?"]
[Date "2002.??.??"]
[Round "?"]
[White "Pavlicek, Jan"]
[Black "Sykora, Josef"]
[Result "0-1"]
[WhiteElo "2250"]
[BlackElo "2370"]
[PlyCount "44"]
[EventDate "2002.??.??"]
[EventType "corr"]
[SourceDate "2004.06.03"]

1. e4 c6 2. d4 d5 3. exd5 cxd5 4. c3 Nc6 5. Nf3 Bg4 6. Qb3 Bxf3 7. Qxb7 Qc8 8.
Qxc8+ Rxc8 9. gxf3 Nxd4 10. Ba6 Rc6 11. Bd3 Rc7 12. Na3 Nxf3+ 13. Ke2 Ne5 14.
Bf4 f6 15. Ba6 e6 16. Nb5 Rc6 17. Be3 Bc5 18. Bxc5 Rxc5 19. Nd4 Kf7 20. b4 Rc7
21. a4 Ne7 22. a5 Rb8 0-1

[Event "2MCRV_F"]
[Site "?"]
[Date "2002.??.??"]
[Round "?"]
[White "Nevole, Milan"]
[Black "Dotlacil, Ladislav"]
[Result "1-0"]
[WhiteElo "2240"]
[BlackElo "2410"]
[PlyCount "55"]
[EventDate "2002.??.??"]
[EventType "corr"]
[SourceDate "2004.06.03"]

1. d4 Nf6 2. c4 d6 3. Nc3 c6 4. e4 Nbd7 5. Nf3 e5 6. Be2 Be7 7. O-O O-O 8. Re1
a6 9. Bf1 b5 10. a3 Re8 11. h3 Bb7 12. Be3 Bf8 13. d5 cxd5 14. cxd5 Rc8 15. Rc1
g6 16. Nd2 Nh5 17. b4 Nb6 18. Nb3 Ng7 19. Na5 Ba8 20. a4 Nxa4 21. Nxa4 Rxc1 22.
Qxc1 bxa4 23. Bxa6 Be7 24. Nc6 Qc7 25. b5 Bb7 26. b6 Qd7 27. Bb5 Ra8 28. Na7
1-0

[Event "2MCRV_F"]
[Site "?"]
[Date "2002.??.??"]
[Round "?"]
[White "Kolarik, Josef"]
[Black "Koukal, Vladimir"]
[Result "1/2-1/2"]
[WhiteElo "2230"]
[BlackElo "2225"]
[PlyCount "59"]
[EventDate "2002.??.??"]
[EventType "corr"]
[SourceDate "2004.06.03"]

1. d4 Nf6 2. c4 e6 3. Nf3 b6 4. g3 Ba6 5. b3 Bb7 6. Bg2 Bb4+ 7. Bd2 a5 8. O-O
O-O 9. Qc2 Bxd2 10. Nbxd2 d6 11. e4 Nc6 12. a3 Re8 13. Qc3 e5 14. d5 Ne7 15.
Qd3 c6 16. dxc6 Bxc6 17. Rfd1 Qc7 18. Ne1 Nd7 19. Nf1 Nc5 20. Qxd6 Qxd6 21.
Rxd6 Reb8 22. f3 Nxb3 23. Rb1 Nd4 24. f4 b5 25. fxe5 Ne2+ 26. Kf2 Nc3 27. Rc1
Nxe4+ 28. Bxe4 Bxe4 29. Nd2 Bc6 30. cxb5 1/2-1/2

[Event "2MCRV_F"]
[Site "?"]
[Date "2002.??.??"]
[Round "?"]
[White "Dotlacil, Ladislav"]
[Black "Kolarik, Josef"]
[Result "1/2-1/2"]
[WhiteElo "2410"]
[BlackElo "2230"]
[PlyCount "37"]
[EventDate "2002.??.??"]
[EventType "corr"]
[SourceDate "2004.06.03"]

1. d4 Nf6 2. Nf3 g6 3. c4 Bg7 4. Nc3 d6 5. e4 O-O 6. Be2 e5 7. d5 a5 8. Bg5 h6
9. Bh4 Na6 10. Nd2 Qe8 11. b3 Bd7 12. a3 Nh7 13. f3 f5 14. Rb1 Nf6 15. Bf2 Nc5
16. Qc2 Nh5 17. g3 fxe4 18. Ndxe4 Nxe4 19. Nxe4 1/2-1/2